000 01501 a2200241 4500
003 Nust
005 20230103122151.0
010 _a 00051541
020 _a0071361723 (pbk./CD-ROM)
040 _cNust
082 0 0 _a629.89,PRE
100 1 _aPredko, Michael.
_9106715
245 1 0 _aProgramming and customizing PICmicro microcontrollers /
_cMyke Predko.
250 _a2nd ed.
260 _aNew York :
_bMcGraw-Hill,
_cc2002.
300 _axxiv, 1190 p. :
_bill. ;
_c24 cm. +
_e1 computer optical disc (4 3/4 in.) + 1 PCB board.
505 _aMicrocontrollers (Page-1), The Microchip PICMicro (Page-33), The PICMicro Processor Architecture (Page-55), The PICMicro Instruction Set (Page-103), PICMicro Hardware Features (Page-169), PICMicro Application Design (Page-253), PC Interfacing (Page-317), PICMicro Application Software Development Tools (Page-365), PICMicro Assembly Language Software Development Techniques (Page-453), Macro Development (Page-523), Designing your own PICMicro Applications (Page-547), Debugging your Application (Page-561), Programming PICMicros (Page-571), Emulators (Page-629), Experiments (Page-663), Projects (Page-903), Real Time Operating Systems (Page-1039), In Closing (Page-1061),
650 0 _aMicrocontrollers.
_918076
650 0 _aProgrammable controllers.
856 4 1 _3Publisher description
_uhttp://www.loc.gov/catdir/description/mh031/00051541.html
856 4 1 _3Table of contents
_uhttp://www.loc.gov/catdir/toc/mh031/00051541.html
942 _2ddc
_cBK
999 _c179963
_d179963